000 00444nam a2200181Ia 4500
001 12661
003 IN-NITTTR
005 20251114233118.0
008 251113s9999||||xx |||||||||||||| ||eng||
040 _beng
040 _cIN-NITTTR
041 _aeng
082 _a005.74 C946L
100 _aCurtice, Robert M.
245 0 _aLogical data base design /
_cCurtice, Robert M., Jones, Paul E.
700 _a Jones, Paul E.
942 _2ddc
_cBK
999 _c15297
_d15297